Fr. Conceicao Rodrigues College of Engineering

Startup Launch book (Record no. 36056)

MARC details
000 -LEADER
fixed length control field 00430nam a22001577a 4500
003 - CONTROL NUMBER IDENTIFIER
control field OSt
005 - DATE AND TIME OF LATEST TRANSACTION
control field 20240715114134.0
007 - PHYSICAL DESCRIPTION FIXED FIELD--GENERAL INFORMATION
fixed length control field 355 pages
008 - FIXED-LENGTH DATA ELEMENTS--GENERAL INFORMATION
fixed length control field 240715b |||||||| |||| 00| 0 eng d
020 ## - INTERNATIONAL STANDARD BOOK NUMBER
International Standard Book Number 9789388991124
040 ## - CATALOGING SOURCE
Original cataloging agency Ao enterprises
Language of cataloging English
Transcribing agency
082 ## - DEWEY DECIMAL CLASSIFICATION NUMBER
Classification number 658.11
Item number BAT
245 ## - TITLE STATEMENT
Title Startup Launch book
Statement of responsibility, etc. Batra,Ajay
260 ## - PUBLICATION, DISTRIBUTION, ETC.
Name of publisher, distributor, etc. Wiley
Date of publication, distribution, etc. 2020
942 ## - ADDED ENTRY ELEMENTS (KOHA)
Source of classification or shelving scheme Dewey Decimal Classification
Koha item type BOOK
Classification part 658.11
Item part BAT
Call number prefix 658.11
Call number suffix BAT
Suppress in OPAC No
Holdings
Withdrawn status Lost status Source of classification or shelving scheme Damaged status Not for loan Collection Home library Current library Date acquired Cost, normal purchase price Total Checkouts Full call number Barcode Date last seen Date last checked out Price effective from Koha item type
    Dewey Decimal Classification     MECHANICAL Fr. Agnel's C.Rodrigues College of Engineering AGNEL TECHNICAL COLLEGE LIBRARY 15/07/2024 999.00 1 658.11/BAT 26420 02/09/2025 22/08/2025 15/07/2024 BOOK